[Event "Moscow RUS"]
[Site "?"]
[Date "2006.02.08"]
[Round "1"]
[White "Riazantsev Alexander"]
[Black "Mamedyarov Shakhriyar"]
[Result "1/2-1/2"]
[WhiteElo "2594"]
[BlackElo "2709"]
[PlyCount "74"]
[EventDate "2006.??.??"]
[Source "www.chesslib.no"]
[SourceDate "2004.05.04"]

1. d4 Nf6 2. c4 g6 3. Nc3 d5 4. Bf4 Bg7 5. e3 O-O 6. Rc1 c5 7. dxc5 Ne4 8. cxd5 Nxc3 9. bxc3 Nd7 10. Nf3 Nxc5 11. Be5 f6 12. Bg3 Qa5 13. Bc4 b5 14. Bb3 Kh8 15. O-O Bb7 16. Qd4 Rac8 17. e4 Rfd8 18. Qe3 Qb6 19. Nd4 e5 20. Ne2 f5 21. exf5 Nxb3 22. axb3 Rxd5 23. Qxb6 axb6 24. fxg6 Rd2 25. Rfe1 hxg6 26. Bh4 Rb2 27. Rb1 Rxb1 28. Rxb1 Bd5 29. Bg5 Ra8 30. Be3 Ra3 31. Bxb6 Bxb3 32. Bc5 Ra8 33. h3 Bc4 34. Ng3 Bd3 35. Re1 e4 36. Nxe4 Re8 37. f3 Bxe4 1/2-1/2

[Event "ESP-Tch Division de Honor"]
[Site "Sanxenxo"]
[Date "2004.11.19"]
[Round "2"]
[White "Sokolov, Ivan"]
[Black "Carlsen, Magnus"]
[Result "1-0"]
[WhiteElo "2663"]
[BlackElo "2581"]
[PlyCount "91"]
[EventDate "2004.11.18"]
[Source "Roberto Alvarez"]
[SourceDate "2004.11.22"]

1. d4 Nf6 2. c4 g6 3. Nc3 d5 4. Bf4 Bg7 5. Rc1 O-O 6. e3 c5 7. dxc5 Na6 8. cxd5 Nxc5 9. Be5 Qa5 10. Nf3 Rd8 11. Qd2 Nxd5 12. Nxd5 Qxd2+ 13. Nxd2 Rxd5 14. Bxg7 Kxg7 15. e4 Nd3+ 16. Bxd3 Rxd3 17. Ke2 Rd6 18. Rc7 b6 19. Rd1 Rd7 20. Rxd7 Bxd7 21. Nb1 Be6 22. Nc3 Rc8 23. Ke3 f6 24. f4 Kf7 25. Rd4 Ke8 26. a3 Rc5 27. Ra4 a5 28. Rd4 Bb3 29. h4 h5 30. g3 Be6 31. Na4 Rc6 32. b4 axb4 33. axb4 Bc4 34. Nxb6 Bb5 35. Nd5 Kf7 36. f5 gxf5 37. exf5 Rc1 38. Re4 Re1+ 39. Kd4 Rxe4+ 40. Kxe4 Be2 41. Nf4 Bd1 42. b5 Bc2+ 43. Ke3 Bxf5 44. b6 Bc8 45. Nxh5 Ke6 46. Ng7+ 1-0

[Event "Yerevan (ol)"]
[Site "?"]
[Date "1996.??.??"]
[Round "?"]
[White "Lalic, B."]
[Black "Polgar, Judit"]
[Result "1-0"]
[WhiteElo "2565"]
[BlackElo "2665"]
[PlyCount "105"]
[EventDate "1996.??.??"]
[Source "ChessBase"]
[SourceDate "1996.06.01"]

1. d4 Nf6 2. c4 g6 3. Nc3 d5 4. Bf4 Bg7 5. Rc1 O-O 6. e3 c5 7. dxc5 Qa5 8. cxd5 Rd8 9. Bc4 Qxc5 10. Bb3 Nc6 11. Nf3 Na5 12. O-O Bg4 13. e4 Qb4 14. Bc7 Bxf3 15. Bxa5 Qxa5 16. Qxf3 Nd7 17. Qe3 Rac8 18. f4 Qc5 19. Qxc5 Nxc5 20. e5 Nxb3 21. axb3 f6 22. Rce1 Rc5 23. g3 fxe5 24. fxe5 e6 25. b4 Rc4 26. dxe6 Re8 27. Rf7 Rc6 28. Rxb7 Rcxe6 29. Rxa7 Rxe5 30. Rxe5 Bxe5 31. Kg2 Rb8 32. b5 Bxc3 33. bxc3 Rxb5 34. Kf3 Rc5 35. Ra3 Rc4 36. Ke3 h5 37. Kd3 Rg4 38. Rb3 Kf7 39. Rb4 Rg5 40. Re4 Rd5+ 41. Kc2 g5 42. c4 Ra5 43. Kb3 Kf6 44. Re2 h4 45. Kb4 Ra1 46. gxh4 Rb1+ 47. Ka5 Ra1+ 48. Kb6 Rb1+ 49. Kc6 gxh4 50. c5 Kg5 51. Rc2 h3 52. Kd5 Kf6 53. Rc3 1-0

[Event "Amber-blind 8th"]
[Site "Monte Carlo"]
[Date "1999.03.18"]
[Round "3"]
[White "Nikolic, Predrag"]
[Black "Lautier, Joel"]
[Result "1-0"]
[WhiteElo "2633"]
[BlackElo "2596"]
[PlyCount "87"]
[EventDate "1999.03.16"]
[Source "ChessBase"]
[SourceDate "1999.05.10"]

1. d4 Nf6 2. c4 g6 3. Nc3 d5 4. Bf4 Bg7 5. Rc1 O-O 6. e3 c5 7. dxc5 Qa5 8. cxd5 Ne4 9. Nge2 Na6 10. Qa4 Qxa4 11. Nxa4 Bd7 12. c6 bxc6 13. dxc6 Nb4 14. Nd4 Rac8 15. Nc5 Bxc6 16. a3 Nxc5 17. Rxc5 Bxg2 18. Rxc8 Rxc8 19. Bxg2 Nd3+ 20. Kd2 Nxf4 21. Nc6 Nxg2 22. Nxe7+ Kf8 23. Nxc8 Bxb2 24. a4 a5 25. Nb6 Ba3 26. Nd5 Nh4 27. Rb1 Nf3+ 28. Ke2 Ne5 29. f4 Nc6 30. Rb6 Ne7 31. Rb8+ Kg7 32. e4 Nc6 33. Rb6 Nd4+ 34. Kd3 Nf3 35. h3 h5 36. Rb5 Ng1 37. h4 Nf3 38. Rxa5 Nxh4 39. Ke2 g5 40. fxg5 Ng6 41. Rb5 h4 42. a5 Ne5 43. a6 Nc6 44. a7 1-0

[Event "Sarajevo Bosnia"]
[Site "Sarajevo"]
[Date "2004.05.24"]
[Round "6"]
[White "Sokolov, Ivan"]
[Black "Predojevic, Borki"]
[Result "1/2-1/2"]
[WhiteElo "2690"]
[BlackElo "2490"]
[PlyCount "143"]
[EventDate "2004.05.18"]
[Source "ChessBase"]
[SourceDate "2004.07.27"]

1. d4 Nf6 2. c4 g6 3. Nc3 d5 4. Bf4 Bg7 5. e3 O-O 6. Rc1 dxc4 7. Bxc4 c5 8. Nf3 Nc6 9. O-O cxd4 10. exd4 Bg4 11. d5 Na5 12. Be2 Rc8 13. h3 Bxf3 14. Bxf3 Nc4 15. Qb3 Nd7 16. Nb5 Nce5 17. Rxc8 Qxc8 18. d6 Nxf3+ 19. Qxf3 exd6 20. Bxd6 Re8 21. Nc7 Rd8 22. Nd5 Qc2 23. Ne7+ Kh8 24. Qxb7 Qxb2 25. Qxa7 Nf8 26. Bc5 Qb8 27. Qa3 Qa8 28. Qxa8 Rxa8 29. a3 Ne6 30. Bb4 Nd4 31. Rd1 h5 32. Rd3 Ra6 33. g4 Kh7 34. Kg2 Ne6 35. Nd5 hxg4 36. hxg4 Be5 37. Kf3 Kg7 38. Ke4 Bb2 39. Rb3 f5+ 40. Kd3 Be5 41. gxf5 gxf5 42. Rb1 Kf7 43. Ne3 Kf6 44. Nc4 Nf4+ 45. Kc2 Rc6 46. Kb3 Nd3 47. f3 Bf4 48. Bc3+ Ke6 49. Bd2 Bxd2 50. Nxd2 Rb6+ 51. Kc3 Rxb1 52. Nxb1 Ne1 53. Nd2 Kd5 54. a4 Kc5 55. Kb3 Nd3 56. Kc2 Ne5 57. Kc3 f4 58. Kb3 Nc6 59. Ne4+ Kb6 60. Nd2 Kc5 61. Kc3 Ne5 62. Nb3+ Kb6 63. Nd4 Ka6 64. Kb4 Nd3+ 65. Kb3 Ne5 66. Ka3 Kb6 67. Ne2 Nxf3 68. Nxf4 Ka5 69. Nd5 Nd2 70. Ne3 Nb1+ 71. Kb2 Kxa4 72. Kxb1 1/2-1/2

[Event "Miskolc"]
[Site "Miskolc"]
[Date "2004.03.11"]
[Round "2"]
[White "Portisch, Lajos"]
[Black "Nevednichy, Vladislav"]
[Result "1/2-1/2"]
[WhiteElo "2573"]
[BlackElo "2548"]
[PlyCount "45"]
[EventDate "2004.03.10"]
[Source "ChessBase"]
[SourceDate "2004.06.01"]

1. d4 Nf6 2. c4 g6 3. Nc3 d5 4. Bf4 Bg7 5. e3 O-O 6. Rc1 c5 7. dxc5 Be6 8. Nge2 Nc6 9. cxd5 Nxd5 10. Nxd5 Qxd5 11. Qxd5 Bxd5 12. Nc3 Bxc3+ 13. Rxc3 Bxa2 14. Bb5 Rfd8 15. Ke2 Be6 16. Rd1 Rxd1 17. Kxd1 f6 18. f3 g5 19. Bg3 h5 20. h4 g4 21. Ke1 gxf3 22. gxf3 Kf7 23. Bxc6 1/2-1/2

[Event "Asian Teams"]
[Site "Jodhpur"]
[Date "2003.04.15"]
[Round "9"]
[White "Kakageldyev, Amanmurad"]
[Black "Sasikiran, Krishnan"]
[Result "0-1"]
[WhiteElo "2461"]
[BlackElo "2658"]
[PlyCount "116"]
[EventDate "2003.04.07"]
[Source "Roberto Alvarez"]
[SourceDate "2003.04.14"]

1. d4 Nf6 2. c4 g6 3. Nc3 d5 4. Bf4 Bg7 5. e3 O-O 6. Rc1 dxc4 7. Bxc4 c5 8. dxc5 Qa5 9. Nge2 Qxc5 10. Bb3 Qa5 11. O-O Na6 12. Qe1 Rd8 13. Rd1 Rxd1 14. Qxd1 Nc5 15. Bc2 Be6 16. Qb1 Ncd7 17. Rd1 Rc8 18. h3 b5 19. a3 Bc4 20. e4 Nb6 21. Bd2 Qa6 22. Nf4 Nfd7 23. Ncd5 Bxd5 24. Nxd5 Nxd5 25. exd5 Nc5 26. Be3 Bf6 27. Rd2 Kg7 28. Bd1 Na4 29. Bg4 Rd8 30. Bf3 Nb6 31. Bxb6 Qxb6 32. Qd3 a5 33. g3 b4 34. Qb3 Rc8 35. Kg2 Rc1 36. axb4 axb4 37. Qd3 Be5 38. Re2 Bf6 39. Rd2 Qd6 40. Rc2 Ra1 41. Rd2 Be5 42. Re2 Qf6 43. Qc4 Bd6 44. Qe4 Ra2 45. Qc2 Ra1 46. Qe4 Rc1 47. Rd2 h6 48. h4 h5 49. Re2 Ra1 50. Rd2 Ra2 51. Qc2 Qe5 52. Re2 Qd4 53. Rd2 b3 54. Rxd4 bxc2 55. Rc4 Rxb2 56. Be4 Rb4 57. Bf3 Rb2 58. Be4 Rb4 0-1

[Event "TCh-AUT 2003-4"]
[Site "Jenbach"]
[Date "2004.??.??"]
[Round "10.5"]
[White "Pinter, Jozsef"]
[Black "Ftacnik, Lubomir"]
[Result "1/2-1/2"]
[WhiteElo "2501"]
[BlackElo "2582"]
[PlyCount "60"]
[EventDate "2004.01.01"]
[Source "Roberto Alvarez"]
[SourceDate "2004.03.22"]

1. d4 Nf6 2. c4 g6 3. Nc3 d5 4. Bf4 Bg7 5. e3 O-O 6. Rc1 dxc4 7. Bxc4 Nbd7 8. Nf3 c5 9. O-O cxd4 10. exd4 Nb6 11. Bb3 Nbd5 12. Be5 Bh6 13. Ra1 b6 14. Re1 Bb7 15. Qe2 Rc8 16. Bxf6 exf6 17. Nxd5 Bxd5 18. Bxd5 Qxd5 19. Qe7 Rc2 20. Qxa7 Rxb2 21. Rab1 Rxa2 22. Qxb6 Kg7 23. Qc7 Rfa8 24. Rb8 Rxb8 25. Qxb8 Bd2 26. Rd1 Bc3 27. h3 h5 28. Qb1 g5 29. Qd3 Bb4 30. Nd2 Bxd2 1/2-1/2

[Event "Ponferrada Team Ch"]
[Site "Ponferrada"]
[Date "1992.??.??"]
[Round "?"]
[White "Pinter, Jozsef"]
[Black "Fernandez Garcia, Jose L"]
[Result "1-0"]
[WhiteElo "2580"]
[BlackElo "2475"]
[PlyCount "125"]
[EventDate "1992.??.??"]
[Source "www.chesslib.no"]
[SourceDate "2004.05.04"]

1. d4 Nf6 2. c4 g6 3. Nc3 d5 4. Bf4 Bg7 5. e3 O-O 6. Rc1 c5 7. dxc5 Na6 8. cxd5 Nxc5 9. Be5 Bf5 10. f3 Qb6 11. Bd4 e5 12. Bxc5 Qxc5 13. e4 Qe3+ 14. Nge2 Bd7 15. Rc2 b5 16. Qd2 Bh6 17. Qxe3 Bxe3 18. Ng3 Rfc8 19. Bd3 Ne8 20. Ke2 Bh6 21. Rb1 b4 22. Nd1 Rxc2+ 23. Bxc2 Rc8 24. Bd3 Nd6 25. Nf1 f5 26. Nfe3 fxe4 27. fxe4 Nb5 28. Kd2 Nd4 29. Rc1 Rxc1 30. Kxc1 Bg4 31. Kb1 Bxd1 32. Nxd1 Bf4 33. h3 Kf7 34. b3 Kf6 35. Ba6 h5 36. Nb2 Bh6 37. d6 Ne6 38. Nd3 Bf8 39. Bc4 Nd8 40. d7 Bd6 41. Bd5 Ke7 42. Ne1 Kxd7 43. Nf3 Ke7 44. Kc2 Kf6 45. Kd3 a6 46. Kc4 Be7 47. Ne1 Bd6 48. Nf3 Be7 49. g3 Bd6 50. Kd3 Kg7 51. Ke2 Kf6 52. Ne1 Bc5 53. Nd3 Bd6 54. Kf3 Kg5 55. Ke3 h4 56. g4 a5 57. Ne1 Bc5+ 58. Ke2 Be7 59. Ng2 Bc5 60. Kd3 Bf2 61. Kc4 Bb6 62. Kb5 Bc7 63. Ka6 1-0

[Event "HUN Team Ch 9394"]
[Site "HUN"]
[Date "1994.??.??"]
[Round "?"]
[White "Kallai, Gabor"]
[Black "Adorjan, Andras"]
[Result "1/2-1/2"]
[WhiteElo "2490"]
[BlackElo "2565"]
[PlyCount "27"]
[EventDate "1993.??.??"]
[Source "www.chesslib.no"]
[SourceDate "2004.05.04"]

1. d4 Nf6 2. c4 g6 3. Nc3 d5 4. Bf4 Bg7 5. e3 O-O 6. Rc1 c5 7. dxc5 Be6 8. Nge2 Nc6 9. cxd5 Nxd5 10. Nxd5 Qxd5 11. Qxd5 Bxd5 12. Nc3 Bxc3+ 13. Rxc3 Bxa2 14. Bb5 1/2-1/2

[Event "New York (open)"]
[Site "?"]
[Date "1988.??.??"]
[Round "?"]
[White "Gheorghiu, F."]
[Black "Gutman, L."]
[Result "1/2-1/2"]
[WhiteElo "2535"]
[BlackElo "2465"]
[PlyCount "125"]
[EventDate "1988.??.??"]
[Source "ChessBase"]
[SourceDate "1988.01.01"]

1. d4 Nf6 2. c4 g6 3. Nc3 d5 4. Bf4 Bg7 5. e3 O-O 6. Rc1 c5 7. dxc5 Na6 8. cxd5 Nxc5 9. Nf3 Qa5 10. Qd2 Qb6 11. Bc4 Nfe4 12. Qe2 Nxc3 13. bxc3 Bg4 14. O-O Rac8 15. h3 Bxf3 16. Qxf3 Na4 17. Rb1 Qc5 18. Be2 b6 19. c4 Nc3 20. Rb3 f5 21. Bd3 Qa5 22. Bg5 Rf7 23. e4 fxe4 24. Qg4 Rc5 25. Rxc3 Qxc3 26. Qxe4 Qe5 27. Qg4 h5 28. Qh4 Bf6 29. Bf4 Bxh4 30. Bxe5 Kh7 31. Bc3 Bf6 32. Bb4 Rc7 33. Rd1 Kg7 34. Be2 Be5 35. g3 Bd6 36. Bc3+ Kh7 37. Kg2 Rc8 38. a4 Rcf8 39. f3 Rf5 40. g4 Rf4 41. Bd4 Bc5 42. Bxc5 bxc5 43. Rb1 hxg4 44. hxg4 e6 45. dxe6 Re8 46. Rb7+ Kh8 47. e7 Rf7 48. Bd3 Rexe7 49. Rb5 Re3 50. Be4 Rc7 51. g5 Ra3 52. Ra5 Rc3 53. Bd5 Rb3 54. Kg3 Kg7 55. Kf4 Rb6 56. Rb5 Rxb5 57. axb5 Re7 58. Be4 Kf7 59. Ke3 Rd7 60. Bd5+ Ke7 61. f4 Rd8 62. Ke4 Rf8 63. Kf3 1/2-1/2

[Event "Rubinstein mem"]
[Site "Polanica Zdroj"]
[Date "1979.??.??"]
[Round "8"]
[White "Farago, Ivan"]
[Black "Spiridonov, Nikola"]
[Result "1-0"]
[WhiteElo "2510"]
[BlackElo "2440"]
[PlyCount "123"]
[EventDate "1979.08.??"]
[Source "ChessBase"]

1. d4 Nf6 2. c4 g6 3. Nc3 d5 4. Bf4 Bg7 5. e3 O-O 6. Rc1 dxc4 7. Bxc4 Nbd7 8. Nf3 a6 9. O-O c5 10. dxc5 Nxc5 11. Qe2 Be6 12. Rfd1 Qb6 13. Be5 Bxc4 14. Qxc4 Ne6 15. Na4 Qb5 16. Qxb5 axb5 17. Nc5 Rxa2 18. Nxe6 fxe6 19. Ng5 Nh5 20. Bxg7 Nxg7 21. Rd2 h6 22. Ne4 b4 23. g3 b5 24. Rc7 Nf5 25. Rb7 Ra5 26. Nc5 Rc8 27. Nb3 Ra2 28. e4 Nd6 29. Rxe7 Nxe4 30. Re2 Nf6 31. R2xe6 Rf8 32. Re2 Rf7 33. R7e6 Kg7 34. Rd6 Ng4 35. Rd4 Nf6 36. Kg2 Rc7 37. Rxb4 Nd5 38. Rd4 Nb6 39. Rb4 Na4 40. Nd4 Rc4 41. Rxc4 bxc4 42. Re7+ Kf6 43. Re6+ Kf7 44. Ra6 Nc3 45. Rxa2 Nxa2 46. Nb5 Ke6 47. Kf3 Nb4 48. Na3 Kd5 49. Ke3 Na6 50. f4 Nc5 51. Nb5 Nd3 52. b3 Kc5 53. bxc4 Nb2 54. Na3 Kb4 55. Kd4 Kxa3 56. c5 Kb4 57. c6 Nc4 58. Kd5 Kb5 59. c7 Nb6+ 60. Kd6 Ka6 61. Kc6 Nc8 62. g4 1-0

[Event "VISA Nordic GP Final"]
[Site "Gentofte"]
[Date "1999.08.07"]
[Round "1"]
[White "Gretarsson, Helgi Ass"]
[Black "Borge, Nikolaj"]
[Result "1-0"]
[WhiteElo "2521"]
[BlackElo "2426"]
[PlyCount "81"]
[EventDate "1999.08.05"]
[Source "ChessBase"]
[SourceDate "1999.12.01"]

1. d4 Nf6 2. c4 g6 3. Nc3 d5 4. Bf4 Bg7 5. e3 O-O 6. Rc1 dxc4 7. Bxc4 c5 8. d5 a6 9. a4 Qa5 10. Qb3 Nbd7 11. Nf3 Ne4 12. O-O Nd6 13. Be2 Qb4 14. Qc2 Nb6 15. Nd2 Bd7 16. Ra1 Bf5 17. e4 Nxe4 18. Ncxe4 Nxd5 19. Bg5 Rfd8 20. Bf3 f6 21. Be3 Nxe3 22. fxe3 Bh6 23. Ra3 Rac8 24. Qc4+ Kg7 25. Rb3 b5 26. axb5 axb5 27. Qxb4 cxb4 28. Re1 Rc2 29. Nf1 Rc4 30. Ned2 Rc2 31. Rxb4 Bd3 32. Be4 Rc5 33. Bxd3 Rxd3 34. Ne4 Rc4 35. Rxc4 bxc4 36. Kf2 Rb3 37. Re2 Kf7 38. Rc2 Ke6 39. Ned2 Rb4 40. Nxc4 Kd5 41. Ncd2 1-0

[Event "Sevilla Open"]
[Site "Seville ESP"]
[Date "1994.??.??"]
[Round "6"]
[White "Eslon, Jaan"]
[Black "Chiburdanidze, Maia G"]
[Result "1/2-1/2"]
[WhiteElo "2425"]
[BlackElo "2520"]
[PlyCount "86"]
[EventDate "1994.01.??"]
[Source "www.chesslib.no"]
[SourceDate "2004.05.04"]

1. d4 Nf6 2. c4 g6 3. Nc3 d5 4. Bf4 Bg7 5. Rc1 O-O 6. e3 c5 7. dxc5 Qa5 8. cxd5 Ne4 9. Nge2 Nxc5 10. a3 Nba6 11. f3 Nd7 12. Nd4 Nf6 13. e4 Bd7 14. Be3 Ne8 15. Be2 Nd6 16. O-O Rfc8 17. Nb3 Qd8 18. Bd4 Bh6 19. f4 b5 20. Kh1 Nc4 21. Bxc4 Rxc4 22. Qd3 Qc7 23. Be5 Qb6 24. Rcd1 Rac8 25. Bd4 Qc7 26. Be5 Qb6 27. f5 b4 28. axb4 Rxb4 29. Nd4 f6 30. Bg3 Nc5 31. Qf3 Na4 32. Nc6 Bxc6 33. dxc6 Qxc6 34. Nd5 Rb7 35. fxg6 hxg6 36. Qg4 Kf7 37. e5 f5 38. Rxf5+ gxf5 39. Qxf5+ Kg8 40. e6 Bg7 41. Qf7+ Kh8 42. Qh5+ Kg8 43. Qf7+ Kh8 1/2-1/2

[Event "Munich"]
[Site "Munich"]
[Date "1989.??.??"]
[Round "?"]
[White "Schlosser, Philipp"]
[Black "Kindermann, Stefan"]
[Result "1/2-1/2"]
[WhiteElo "2420"]
[BlackElo "2515"]
[PlyCount "48"]
[EventDate "1989.04.??"]
[Source "ChessBase"]

1. d4 Nf6 2. c4 g6 3. Nc3 d5 4. Bf4 Bg7 5. Rc1 O-O 6. e3 c5 7. dxc5 Be6 8. Nge2 Na6 9. cxd5 Bxd5 10. Be5 Bc4 11. Qd4 Nb4 12. Nf4 Bxf1 13. Qxb4 Ba6 14. Rd1 Qe8 15. a4 Rc8 16. Bxf6 Bxf6 17. Nfd5 Qc6 18. Ne4 Rce8 19. Nexf6+ exf6 20. Qc3 Re6 21. f3 Qxa4 22. Kf2 Qh4+ 23. g3 Qc4 24. Rd2 Qxc3 1/2-1/2

[Event "Las Vegas USA"]
[Site "?"]
[Date "2006.06.18"]
[Round "5"]
[White "Vigorito David"]
[Black "Kudrin Sergey"]
[Result "1/2-1/2"]
[WhiteElo "2373"]
[BlackElo "2553"]
[PlyCount "104"]
[EventDate "2006.??.??"]
[Source "www.chesslib.no"]
[SourceDate "2004.05.04"]

1. d4 Nf6 2. c4 g6 3. Nc3 d5 4. Bf4 Bg7 5. e3 O-O 6. Rc1 dxc4 7. Bxc4 c5 8. dxc5 Qa5 9. Nge2 Nbd7 10. a3 Nh5 11. Bg5 Ne5 12. Bd5 Bf6 13. Bxf6 Nxf6 14. O-O Qxc5 15. Ne4 Qb6 16. Nxf6+ Qxf6 17. Qd4 a5 18. Ng3 Ng4 19. Rc7 Qxd4 20. exd4 e6 21. Bf3 Nf6 22. Rfc1 Rb8 23. Ne4 Nd5 24. R7c2 Rd8 25. h4 h6 26. Nd2 Ne7 27. Rc7 Kf8 28. Nc4 b6 29. Ne5 Rd6 30. Ra7 f6 31. Rcc7 fxe5 32. Rxe7 exd4 33. Rh7 Kg8 34. Rag7+ Kf8 35. Rc7 Kg8 36. Rcg7+ Kf8 37. h5 d3 38. hxg6 d2 39. Rf7+ Kg8 40. Rhg7+ Kh8 41. Rh7+ Kg8 42. Bd1 e5 43. Rhg7+ Kh8 44. Re7 Be6 45. Rh7+ Kg8 46. Rxh6 Rbd8 47. Rh5 a4 48. g7 Bf7 49. Rf5 Bb3 50. Rh5 Bf7 51. Rf5 Bb3 52. Rh5 Bf7 1/2-1/2

[Event "DSV-Turnier"]
[Site "Halle"]
[Date "1987.??.??"]
[Round "?"]
[White "Horvath, Csaba"]
[Black "Gauglitz, Gernot"]
[Result "0-1"]
[WhiteElo "2455"]
[BlackElo "2465"]
[PlyCount "80"]
[EventDate "1987.10.??"]
[Source "ChessBase"]

1. d4 Nf6 2. c4 g6 3. Nc3 d5 4. Bf4 Bg7 5. Rc1 O-O 6. e3 c5 7. dxc5 Na6 8. cxd5 Nxc5 9. Nf3 Qa5 10. Qd2 Rd8 11. Nb5 Qxd2+ 12. Nxd2 Na6 13. e4 Bd7 14. Be2 Nh5 15. Bxh5 gxh5 16. Nc3 b5 17. a3 Nc5 18. Ke2 Rdc8 19. Ke3 a5 20. e5 b4 21. Nce4 Na4 22. Nc4 Bb5 23. Nxa5 Rxc1 24. Rxc1 bxa3 25. bxa3 Nb6 26. Rc5 Rxa5 27. a4 Bxa4 28. Rxa5 Nc4+ 29. Kd4 Nxa5 30. Kc5 Bc2 31. Ng3 h4 32. Nh5 Bh8 33. d6 exd6+ 34. exd6 Kf8 35. Kb6 Bg6 36. Bh6+ Ke8 37. Bg7 Nb7 38. d7+ Ke7 39. Bf8+ Kxf8 40. Kxb7 Ke7 0-1

[Event "Corus C"]
[Site "Wijk aan Zee NED"]
[Date "2008.01.22"]
[Round "9"]
[White "Van der Werf, M."]
[Black "Negi, P."]
[Result "1/2-1/2"]
[WhiteElo "2389"]
[BlackElo "2526"]
[PlyCount "111"]
[EventDate "2008.01.12"]
[Source "www.chesslib.no"]
[SourceDate "2004.05.04"]

1. d4 Nf6 2. c4 g6 3. Nc3 d5 4. Bf4 Bg7 5. e3 O-O 6. Rc1 Be6 7. c5 Nh5 8. Bg5 b6 9. b4 a5 10. a3 axb4 11. axb4 bxc5 12. bxc5 h6 13. Bh4 f5 14. Bd3 Nf6 15. Bxf6 Bxf6 16. f4 c6 17. Nf3 Nd7 18. O-O Ra3 19. Nb1 Ra2 20. Rf2 Rxf2 21. Kxf2 Qa5 22. Qd2 Qa7 23. Qc3 Bf7 24. Nbd2 Rb8 25. Ne5 Nxe5 26. dxe5 Bg7 27. Ra1 Qd7 28. Nf3 e6 29. Nd4 Bf8 30. Ra6 Rc8 31. g3 Qe7 32. Ra5 Be8 33. Qb4 Qd7 34. Qb6 Be7 35. Ra7 Bd8 36. Qa6 Rc7 37. Ra8 Kf7 38. Bc2 Be7 39. Qa3 Rc8 40. Ra6 Bf8 41. Ba4 Qe7 42. Ra5 Rc7 43. Ke2 g5 44. Kd2 g4 45. Bd1 h5 46. Be2 Rb7 47. Kc2 Qc7 48. Kc3 Bd7 49. Bd3 Be7 50. Bc2 h4 51. Ra6 hxg3 52. hxg3 Qc8 53. Ra7 Qc7 54. Ra5 Qc8 55. Ra7 Qc7 56. Ra5 1/2-1/2

[Event "XIV Open"]
[Site "Ljubljana"]
[Date "2003.06.25"]
[Round "7"]
[White "Timoscenko, Gennadij"]
[Black "Jelen, Igor"]
[Result "1-0"]
[WhiteElo "2533"]
[BlackElo "2372"]
[PlyCount "93"]
[EventDate "2003.06.21"]
[Source "Roberto Alvarez"]
[SourceDate "2003.07.07"]

1. d4 Nf6 2. c4 g6 3. Nc3 d5 4. Bf4 Bg7 5. e3 O-O 6. Rc1 c5 7. dxc5 Qa5 8. cxd5 Ne4 9. Nge2 Bd7 10. Nd4 Nxc5 11. Be2 Ne4 12. O-O Nxc3 13. bxc3 Qxa2 14. Ra1 Qxd5 15. Bf3 Qc4 16. Bxb7 Nc6 17. Ra4 Qc5 18. Bxa8 Rxa8 19. Nb3 Qb5 20. Ra3 Be8 21. Qc2 a5 22. Rfa1 h5 23. e4 a4 24. Nd2 Ne5 25. h3 Nc4 26. Nxc4 Qxc4 27. Be3 e6 28. Rb1 Rc8 29. Rc1 Kh7 30. f3 Bf6 31. Qa2 Qxa2 32. Rxa2 Rxc3 33. Rxc3 Bxc3 34. Rc2 Ba1 35. g4 hxg4 36. hxg4 Bb5 37. Rc5 Be2 38. Kf2 Bd3 39. g5 Bb2 40. Ra5 Bc2 41. Bc5 f6 42. Ra7+ Kg8 43. gxf6 Bxf6 44. Ke3 Bb2 45. Bd4 Bc1+ 46. Ke2 g5 47. Rc7 1-0

[Event "Yerevan zt 1.5"]
[Site "Yerevan"]
[Date "2000.06.10"]
[Round "4"]
[White "Karkanaque, Ilir"]
[Black "Yegiazarian, Arsen"]
[Result "1/2-1/2"]
[WhiteElo "2389"]
[BlackElo "2513"]
[PlyCount "49"]
[EventDate "2000.06.07"]
[Source "ChessBase"]
[SourceDate "2000.10.18"]

1. d4 Nf6 2. c4 g6 3. Nc3 d5 4. Bf4 Bg7 5. e3 O-O 6. Rc1 c5 7. dxc5 Qa5 8. cxd5 Ne4 9. Nf3 Nxc3 10. Qd2 Qxa2 11. bxc3 Qa3 12. Bc4 Qxc5 13. Ba2 Nd7 14. O-O Nf6 15. Be5 Bf5 16. c4 Ne4 17. Qb2 Bxe5 18. Nxe5 Nd6 19. Bb1 Bxb1 20. Qxb1 Rfd8 21. Rfd1 Rac8 22. Nd3 Qb6 23. Qa2 Ne4 24. Qa3 Nc5 25. Rb1 1/2-1/2

[Event "Samara (Russia)"]
[Site "?"]
[Date "2003.??.??"]
[Round "2"]
[White "Belozerov Andrei"]
[Black "Nechepurenko Roman V"]
[Result "1-0"]
[WhiteElo "2548"]
[BlackElo "2353"]
[PlyCount "75"]
[EventDate "2003.??.??"]
[Source "www.chesslib.no"]
[SourceDate "2004.05.04"]

1. d4 Nf6 2. c4 g6 3. Nc3 d5 4. Bf4 Bg7 5. e3 O-O 6. Rc1 c5 7. dxc5 Qa5 8. cxd5 Ne4 9. Nge2 Na6 10. Qa4 Qxa4 11. Nxa4 Nb4 12. Nec3 Nxc3 13. Nxc3 Bxc3+ 14. Rxc3 Nxd5 15. Rc1 Nxf4 16. exf4 Be6 17. Bc4 Rac8 18. Ke2 Rxc5 19. Bxe6 Rxc1 20. Rxc1 fxe6 21. Rc7 Rxf4 22. Rxb7 Ra4 23. a3 Kf7 24. f4 a6 25. Ke3 Rc4 26. Rb6 Rc2 27. Kf3 h5 28. a4 a5 29. Rb5 Kf6 30. h4 e5 31. Rxe5 Rxb2 32. Rxa5 Rb3+ 33. Ke4 Rg3 34. Rg5 Ra3 35. a5 Ra4+ 36. Ke3 Ra3+ 37. Kd2 Kg7 38. f5 1-0

[Event "HUN-ch"]
[Site "Budapest"]
[Date "1979.??.??"]
[Round "12"]
[White "Farago, Ivan"]
[Black "Groszpeter, Attila"]
[Result "1-0"]
[WhiteElo "2510"]
[BlackElo "2375"]
[PlyCount "115"]
[EventDate "1979.11.??"]
[Source "ChessBase"]

1. d4 Nf6 2. c4 g6 3. Nc3 d5 4. Bf4 Bg7 5. e3 O-O 6. Rc1 Be6 7. Qb3 b6 8. Nf3 c6 9. Ng5 dxc4 10. Bxc4 Bxc4 11. Qxc4 Nd5 12. Nxd5 cxd5 13. Qb3 e6 14. O-O Nd7 15. Nf3 Nf6 16. Qa4 Ne4 17. Rc2 g5 18. Bc7 Qe7 19. Rfc1 g4 20. Nd2 Nxd2 21. Rxd2 h5 22. Rdc2 h4 23. Qc6 Qg5 24. Qd6 Qg6 25. Kh1 Kh7 26. Rc3 Rg8 27. Qd7 Qf5 28. Kg1 Bh6 29. Qa4 h3 30. Qc2 Qxc2 31. R1xc2 hxg2 32. Bg3 Kg6 33. Kxg2 Bg5 34. Rc7 Rge8 35. Bd6 Red8 36. Be7 Bxe7 37. Rxe7 Re8 38. Rb7 Reb8 39. Rcc7 Rxb7 40. Rxb7 f5 41. Kg3 Kg5 42. a4 Kf6 43. Rc7 a6 44. b4 b5 45. a5 Rh8 46. Rc6 Rh3+ 47. Kg2 f4 48. Rxa6 fxe3 49. fxe3 Rxe3 50. Rb6 Kf5 51. Rxb5 Ra3 52. Rb6 Ke4 53. a6 Kxd4 54. b5 e5 55. Rb7 e4 56. a7 e3 57. b6 Ra2+ 58. Kg3 1-0

[Event "Mitropa Cup 2007"]
[Site "Szeged UNG"]
[Date "2007.05.08"]
[Round "9"]
[White "Marzolo, Cyril"]
[Black "Pinter, Erik"]
[Result "1-0"]
[WhiteElo "2459"]
[BlackElo "2394"]
[PlyCount "80"]
[EventDate "2007.05.08"]
[Source "www.chesslib.no"]
[SourceDate "2004.05.04"]

1. d4 Nf6 2. c4 g6 3. Nc3 d5 4. Bf4 Bg7 5. e3 O-O 6. Rc1 c5 7. dxc5 Qa5 8. cxd5 Ne4 9. Nge2 Nxc5 10. a3 Ne4 11. f3 Nxc3 12. Nxc3 e6 13. Bc4 exd5 14. Qxd5 Qb6 15. Qd2 Be6 16. Na4 Qc6 17. Bxe6 Qxe6 18. O-O Na6 19. Rfd1 Qb3 20. Qc2 Qe6 21. b4 Rfc8 22. Qd3 Rxc1 23. Rxc1 Re8 24. b5 Nb8 25. Nc5 Qe7 26. Qd6 Qxd6 27. Bxd6 Bb2 28. Rc2 Bxa3 29. Nxb7 Bxd6 30. Nxd6 Rd8 31. Nb7 Rd1+ 32. Kf2 Kg7 33. Ra2 Rd5 34. Rxa7 Rd7 35. e4 h5 36. h4 Kf6 37. Ke3 Ke7 38. Kf4 f6 39. b6 Nc6 40. Na5 Ke8 1-0

[Event "Poznan"]
[Site "Poznan POL"]
[Date "1986.??.??"]
[Round "10"]
[White "Stempin, Pawel"]
[Black "Schmidt, Wlodzimierz"]
[Result "1/2-1/2"]
[WhiteElo "2400"]
[BlackElo "2450"]
[PlyCount "89"]
[EventDate "1986.09.??"]
[Source "www.chesslib.no"]
[SourceDate "2004.05.04"]

1. d4 Nf6 2. c4 g6 3. Nc3 d5 4. Bf4 Bg7 5. Rc1 O-O 6. e3 c5 7. dxc5 Be6 8. Nge2 Nc6 9. cxd5 Nxd5 10. Nxd5 Bxd5 11. Nc3 Bxc3+ 12. Rxc3 Bxa2 13. Bb5 Qxd1+ 14. Kxd1 Rfd8+ 15. Ke2 Bd5 16. f3 Rd7 17. Rd1 Rad8 18. Ke1 a6 19. Ba4 Be6 20. Rxd7 Rxd7 21. Ke2 f6 22. Rd3 Kg7 23. Kd2 Rxd3+ 24. Kxd3 h5 25. h4 Bd5 26. e4 Bf7 27. Bc7 Be6 28. Ke3 Bc4 29. f4 Be6 30. Bd1 f5 31. exf5 Bxf5 32. Be5+ Kf7 33. Bc3 Ke6 34. Bb3+ Kd7 35. Bd5 Kc7 36. g3 Kd7 37. Kd2 Kc7 38. Bg7 Kd7 39. Kc3 Kc7 40. Be5+ Kd7 41. b4 Bb1 42. Bg7 Bf5 43. Bb3 Be4 44. Bc4 Na7 45. Kd4 1/2-1/2